| 000 | 00921nam a22002657a 4500 | ||
|---|---|---|---|
| 005 | 20170123162313.0 | ||
| 010 | _aB-208905 | ||
| 020 |
_c250.00 _a818223249 |
||
| 035 | _aB-208905 | ||
| 037 | _bCen Lib/Ret | ||
| 040 |
_aDPL _bUR |
||
| 082 |
_a809 _bس ل ی |
||
| 100 |
_aسلیم احمد _9112508 |
||
| 245 |
_aگھر جو تقسیم ہو گیا / _cسلیم احمد |
||
| 246 |
_aGhar jo taqseem ho gaya / _bby Saleem Ahmad |
||
| 260 |
_a دہلی _bاىجوکىشنل پبلشنگ هاؤس _c2007 |
||
| 270 |
_a٣٠١٨، گلی وکیل کوچہ پنڈت، لال کوان _b دہلی _e110006 |
||
| 300 |
_a327p. _c21cm(Hb) |
||
| 500 | _aکتابیات | ||
| 650 |
_a ادب - اردو _9112509 |
||
| 650 |
_a تنقید اور تشریح. _9109630 |
||
| 650 |
_aLiterature -- Urdu _9112510 |
||
| 650 |
_aCriticism and interpretation. _920064 |
||
| 942 |
_2ddc _cUR _h809 _mس ل ی |
||
| 999 |
_c106493 _d106493 |
||